000 00888cam a22003011i 4500
001 74967
003 BD-RjUL
005 20211209082628.0
008 771222s1952 enka 000 0 eng
035 _a(BD-RjUL)75185
035 _a(OCoLC)3510046
040 _aDLC
_cPBlbM
_dUk
_dDLC
_beng
041 _aeng
042 _apremarc
082 _223
_a635.9
_bJAF 1952
100 1 _aJanes, E. R.
_q(Edwin Ridgeway)
_9188619
245 1 4 _aThe flower garden /
_cby E.R. Janes ; with many illus. by Arthur H. Hall.
260 _aHarmondsworth, Middlesex :
_bPenguin Books,
_c1952.
300 _a420 p. :
_bill. ;
_c18 cm.
490 0 _aPenguin handbooks, PH 19.
650 0 _aFloriculture.
_9226516
650 0 _aGardening.
_9226517
906 _a7
_bcbc
_coclcrpl
_du
_encip
_f19
_gy-gencatlg
942 _2ddc
_cBK
999 _c74967
_d74967